000 00523nam a22001937a 4500
003 LK-CoMWRAF
005 20231013113715.0
008 231013b1993 |||||||| |||| 00| 0 eng d
040 _aLK-CoMWRAF
_dLK-CoMWRAF
_eLK-CoMWRAF
041 _aeng
082 _a421
_bHAN
100 _a
245 _aHandbook of Quotations:
_barranged in a dictionary form
260 _aNew Delhi:
_bGoyal Saab,
_c1993
300 _a487 p.
_bIndex included
650 _aQUOTATIONS, ENGLISH
700 _aMorgan, Arthur T.
_eed.
942 _cBK
999 _c3841
_d3841